Мемуари до історії Південної Русі (Запис № 17391)

000 -Маркер запису
Контрольне поле сталої довжини 01769nam a22002537a 4500
003 - Належність контрольного номера
Контрольне поле Uzh_bibl
008 - Кодовані дані
Контрольне поле сталої довжини 260420b |||||||| |||| 00| 0 ukr d
020 ## - Індекс ISBN
ISBN 966-511-253-8
Ціна 12.77
040 ## - Джерело каталогіз.
Код мови каталог. укр.
080 ## - Індекс УДК
Індекс УДК 94(477)
090 ## - Шифри
Поличний індекс 94(477)
Авторський знак М 49
100 ## - Автор
Автор
245 ## - Назва
Назва Мемуари до історії Південної Русі
Відповідальність за редакцією В Антоновича
Фізичний носій Текст
260 ## - Вихідні дані
Місце видання Дніпропетровськ
Видавництво Січ
Дата видання 2005
300 ## - Фізичний опис
Обсяг 219 с.
Тип одиниці В опр.
490 ## - Серія
№ тому Випуск 1 (XVI ст.)
520 ## - Анотація
Анотація До книги за редакцією В. Б. Антоновича (1834-1908) - історика, археографа, археолога, професора історії Київського університету ввійшли мемуари XVI століття: "Про звичаї татар, литовців і москвитян" (1550) Михайла Литвина; "Опис Польського королівства і порубіжних з ним країн" (1573) Блеза де Віженера; "Опис війни Івонії, господаря волоського" (1574) Леонарда Горецького та "Щоденник Єріха Ляссоти із Стеблева" (1588-1594). Збірник виходить через 115 років з часу першого видання. Вперше - українською мовою.
521 ## - Примітка про цільове призначення
Примітка про цільове призначення Для широкого кола читачів
546 ## - Примітка про мову
Примітка про мову укр.
650 ## - Тематичні рубрики
Основна рубрика Документальне видання
Типове ділення Історія України
653 ## - Ключові слова
Ключові слова Козаки
-- Турецька каторга
-- Похід до Криму
655 ## - Термін індексування — жанр/форма
Жанр/форма Мемуари
942 ## - ADDED ENTRY ELEMENTS (KOHA)
Джерело класифікації чи схема поличного розташування
Koha item type Книги
Фонди
Статус вилучення Статус втрати/відсутності Джерело класифікації чи схема поличного розташування Статус пошкодження Тип обігу (не для випозичання) Постійне розташування Поточне розташування Розташування у відділі Дата надходження Інвентарний номер Total Checkouts Повний (примірниковий) шифр зберігання Штрих-код Date last seen Дата, для якої чинна ціна заміни Тип одиниці (рівень примірника)
          Публічна бібліотека Публічна бібліотека Абонемент 20/04/2026 55477   94(477) 19319 20/04/2026 20/04/2026 Книги

Працює на АБІС Коха